[Event "Paignton Premier 45th"]
[Site "Paignton"]
[Date "1995.09.07"]
[Round "5.11"]
[White "Brusey, Alan W"]
[Black "Southall, Andrew C"]
[Result "0-1"]
[WhiteElo "2016"]
[BlackElo "2192"]
[PlyCount "76"]
[EventDate "1995.09.03"]
[EventType "swiss"]
[EventRounds "7"]
[EventCountry "ENG"]
[SourceTitle "BritBase"]
[Source "John Saunders"]
[SourceDate "2023.06.09"]
[SourceVersion "1"]
[SourceVersionDate "2023.06.09"]
[SourceQuality "1"]

1. e4 e6 2. d4 d5 3. e5 c5 4. c3 Bd7 5. Nf3 Nc6 6. a3 cxd4 7. cxd4 Nge7 8. Nc3
Ng6 9. h4 Nge7 10. Bd3 h6 11. h5 a6 12. g4 Qc7 13. Rh4 f6 14. exf6 gxf6 15.
Bg6+ Nxg6 16. hxg6 Bg7 17. Bd2 Ne7 18. Rc1 Qd6 19. Qc2 e5 20. dxe5 fxe5 21. Nh2
Bc6 22. Ne2 Qxg6 23. Qc5 Rd8 24. Ng3 d4 25. Bb4 Rd7 26. Rh5 Rf8 27. Nhf1 Qxg4
28. Nd2 Qf4 29. Rh2 Rf7 30. Rc2 Nd5 31. Ba5 Ne3 32. Rc1 Ng4 33. Rg2 Nxf2 34.
Qa7 Qe3+ 35. Ne2 Nd3+ 36. Kd1 Nxb2+ 37. Kc2 d3+ 38. Kxb2 Qxa7 {Both
scoresheets (in descriptive notation) were littered with ambiguities and
errors but I think the moves were as given here! JS} 0-1

[Event "Paignton Premier 45th"]
[Site "Paignton"]
[Date "1995.09.07"]
[Round "5.12"]
[White "Parr, Frank"]
[Black "White, Mark W"]
[Result "0-1"]
[WhiteElo "2165"]
[BlackElo "1992"]
[PlyCount "60"]
[EventDate "1995.09.03"]
[EventType "swiss"]
[EventRounds "7"]
[EventCountry "ENG"]
[SourceTitle "BritBase"]
[Source "John Saunders"]
[SourceDate "2023.06.09"]
[SourceVersion "1"]
[SourceVersionDate "2023.06.09"]
[SourceQuality "1"]

1. d4 Nf6 2. Bg5 d5 3. Bxf6 exf6 4. e3 Bd6 5. c4 dxc4 6. Bxc4 O-O 7. Nc3 Nc6 8.
Qh5 f5 9. Nf3 g6 10. Qh6 Qf6 11. Nd5 Qg7 12. Qh4 Kh8 13. O-O f6 14. Nd2 g5 15.
Qh5 Bd7 16. Qe2 Qh6 17. f4 gxf4 18. Nxf4 Nxd4 19. Qd3 Nc6 20. g3 Ne5 21. Qe2
Bc6 22. Be6 Qg5 23. Bb3 Ng4 24. Nf3 Qh6 25. Nh4 Be4 26. Bc2 Bxc2 27. Qxc2 Nxe3
28. Qc1 Rg8 29. Rf3 Bxf4 30. Rxf4 Qxf4 0-1

[Event "Paignton Premier 45th"]
[Site "Paignton"]
[Date "1995.09.07"]
[Round "5.13"]
[White "Parr, David"]
[Black "Benson, Paul J"]
[Result "1/2-1/2"]
[WhiteElo "2220"]
[BlackElo "1936"]
[PlyCount "67"]
[EventDate "1995.09.03"]
[EventType "swiss"]
[EventRounds "7"]
[EventCountry "ENG"]
[SourceTitle "BritBase"]
[Source "John Saunders"]
[SourceDate "2023.06.09"]
[SourceVersion "1"]
[SourceVersionDate "2023.06.09"]
[SourceQuality "1"]

1. e4 e6 2. d4 d5 3. Nc3 Nf6 4. e5 Nfd7 5. f4 c5 6. Nf3 Nc6 7. Be3 a6 8. Qd2 b5
9. dxc5 Bxc5 10. Bxc5 Nxc5 11. Bd3 f6 12. O-O O-O 13. Rae1 b4 14. Ne2 a5 15.
Qe3 Qb6 16. Ned4 Nxd4 17. Nxd4 Na4 18. b3 Nc3 19. exf6 Rxf6 20. g4 Ba6 21. g5
Bxd3 22. Qxd3 Rf7 23. Rxe6 Qa7 24. Kg2 Ne4 25. Re5 Qd7 26. Qh3 Qc7 27. Qe3 Raf8
28. Rxd5 Rxf4 29. Rxf4 Rxf4 30. Rf5 Rxf5 31. Nxf5 Qxc2+ 32. Kf3 Nd2+ 33. Kg4
Qd1+ ({Black's 33rd is a little hard to make out. One possible end to the game
might be} 33... Qe4+ 34. Qxe4 Nxe4 35. Nd4 Nf2+ 36. Kf3 Nd3 37. Nc6 {draw
agreed.}) 34. Kh4 {... only one scoresheet. Next few moves not recorded and
then 36 Kg3 [blank] 37 Nd4 Nd3 38 Nc6 draw agreed.} 1/2-1/2

[Event "Paignton Premier 45th"]
[Site "Paignton"]
[Date "1995.09.07"]
[Round "5.15"]
[White "Isherwood, Paul"]
[Black "Stegeman, Frits"]
[Result "1-0"]
[WhiteElo "1832"]
[BlackElo "1928"]
[PlyCount "147"]
[EventDate "1995.09.03"]
[EventType "swiss"]
[EventRounds "7"]
[EventCountry "ENG"]
[SourceTitle "BritBase"]
[Source "John Saunders"]
[SourceDate "2023.06.09"]
[SourceVersion "1"]
[SourceVersionDate "2023.06.09"]
[SourceQuality "1"]

1. e4 e5 2. Nf3 Nc6 3. Bb5 a6 4. Ba4 Nf6 5. O-O Be7 6. Re1 b5 7. Bb3 d6 8. c3
Na5 9. Bc2 c5 10. d4 Nc6 11. dxc5 dxc5 12. Qxd8+ Bxd8 13. Nbd2 Bb7 14. Nf1 Bc7
15. Be3 Nd7 16. Rad1 f6 17. Bc1 O-O-O 18. Ne3 Ne7 19. b3 Ba5 20. Bb2 Nb8 21.
Kf1 Rxd1 22. Rxd1 Rd8 23. Rxd8+ Kxd8 24. Ke2 Nd7 25. a3 Nf8 26. b4 cxb4 27.
axb4 Bb6 28. c4 Bxe3 29. Kxe3 bxc4 30. Nd2 Nc6 31. Bc3 Ne6 32. Nxc4 Ncd4 33.
Bd1 Nb5 34. Bb2 Kc7 35. Na5 Ned4 36. Nxb7 Kxb7 37. Kd3 Nc6 38. Kc4 Nd6+ 39. Kd5
Kc7 40. Bc3 Ne7+ 41. Ke6 Ng6 42. Bf3 Nf4+ 43. Ke7 Ng6+ 44. Ke6 Nb5 45. Bd2 Nd6
46. g3 Nf8+ 47. Kd5 Nd7 48. Be3 Nb5 49. Kc4 Kc6 50. Bd1 Nd6+ 51. Kd3 Kb5 52.
Bd2 Nb6 53. Bb3 Ndc4 54. Bc3 g5 55. f3 h5 56. h4 gxh4 57. gxh4 Nd6 58. Bg8 Nd7
59. Be1 Nf8 60. Kc3 Ng6 61. Bf2 Nf4 62. Bc5 Nb7 63. Be7 a5 64. bxa5 Nxa5 65.
Bxf6 Nc6 66. Bf7 Kc5 67. Be8 Ne2+ 68. Kd2 Ncd4 69. Bxh5 Ng1 70. Ke3 Kd6 71. Bg4
Nge2 72. h5 Nf4 73. h6 Ng6 74. h7 1-0

[Event "Paignton Premier 45th"]
[Site "Paignton"]
[Date "1995.09.07"]
[Round "5.16"]
[White "Savory, Richard J"]
[Black "Williams, Philip J"]
[Result "1-0"]
[WhiteElo "2080"]
[BlackElo "1832"]
[PlyCount "53"]
[EventDate "1995.09.03"]
[EventType "swiss"]
[EventRounds "7"]
[EventCountry "ENG"]
[SourceTitle "BritBase"]
[Source "John Saunders"]
[SourceDate "2023.06.09"]
[SourceVersion "1"]
[SourceVersionDate "2023.06.09"]
[SourceQuality "1"]

1. e4 e5 2. Nf3 Nc6 3. d4 exd4 4. c3 d3 5. Bxd3 d6 6. O-O g6 7. Nd4 Bg7 8. Be3
Nf6 9. h3 O-O 10. f4 Re8 11. Nd2 Nd7 12. Qc2 Nc5 13. Bc4 Ne6 14. f5 Nexd4 15.
cxd4 Nxd4 16. Qd3 d5 17. fxg6 hxg6 18. Bxd5 Ne6 19. Qe2 c6 20. Bb3 Qe7 21. Qf2
b6 22. Nf3 Bd7 23. Rad1 Rf8 24. Ng5 $2 (24. Qg3 $1 $18) 24... Nxg5 25. Bxg5 Qe8
$2 (25... Qxg5 $1 26. Rxd7 Rad8 27. Rxd8 Rxd8 28. Qxf7+ Kh8 $11) 26. Bf6 $18
Bh6 27. Qh4 1-0

[Event "Paignton Premier 45th"]
[Site "Paignton"]
[Date "1995.09.07"]
[Round "5.17"]
[White "Tonkin, David S"]
[Black "Rety, John"]
[Result "1-0"]
[WhiteElo "1576"]
[BlackElo "1872"]
[PlyCount "39"]
[EventDate "1995.09.03"]
[EventType "swiss"]
[EventRounds "7"]
[EventCountry "ENG"]
[SourceTitle "BritBase"]
[Source "John Saunders"]
[SourceDate "2023.06.09"]
[SourceVersion "1"]
[SourceVersionDate "2023.06.09"]
[SourceQuality "1"]

1. e4 d6 2. d4 c6 3. f4 Nf6 4. Nc3 Bg4 5. Be2 Bxe2 6. Ngxe2 e6 7. O-O Be7 8. e5
Nd5 9. Nxd5 cxd5 10. c3 Qd7 11. Ng3 g6 12. Qd3 Nc6 13. b4 Rc8 14. Bd2 Qc7 15.
Rae1 Bh4 16. f5 dxe5 17. fxe6 e4 $2 (17... fxe6 18. b5 $16) 18. exf7+ Kd7 19.
Nxe4 dxe4 20. Qh3+ 1-0

[Event "Paignton Premier 45th"]
[Site "Paignton"]
[Date "1995.09.07"]
[Round "5.18"]
[White "Waldteufel, Roberto E"]
[Black "Soesan, Joseph Maurice"]
[Result "1-0"]
[WhiteElo "1904"]
[BlackElo "1792"]
[PlyCount "99"]
[EventDate "1995.09.03"]
[EventType "swiss"]
[EventRounds "7"]
[EventCountry "ENG"]
[SourceTitle "BritBase"]
[Source "John Saunders"]
[SourceDate "2023.06.09"]
[SourceVersion "1"]
[SourceVersionDate "2023.06.09"]
[SourceQuality "1"]

1. d4 f5 2. Bf4 Nf6 3. e3 g6 4. Nf3 Bg7 5. Bc4 d5 6. Bd3 O-O 7. Nbd2 Nc6 8. c3
Ne4 9. h4 h5 10. Qb3 Nxd2 11. Kxd2 Kh8 12. Rag1 Na5 13. Qa4 c5 14. Ne5 Bxe5 15.
Bxe5+ Kh7 16. dxc5 Nc4+ 17. Bxc4 dxc4+ 18. Kc1 Qd5 19. Bf4 Qxc5 20. Rd1 Be6 {
(draw offer)} 21. Rd2 Rfd8 22. Rhd1 Rd5 23. Rxd5 Bxd5 24. Qd7 Bc6 25. Qe6 Rg8
26. Be5 Be8 27. Rd7 Qxe5 28. Rxe7+ Qg7 29. Rxg7+ Kxg7 30. Qxc4 Bc6 31. Qd4+ Kh7
32. f3 a6 33. c4 Rg7 34. Kc2 Rd7 35. Qf6 Rc7 36. b3 Rd7 37. a3 Rc7 38. a4 Rd7
39. Qa1 Re7 40. Kd2 Rd7+ 41. Ke2 Rf7 42. Qa2 Re7 43. b4 b6 44. b5 {(sealed)}
axb5 45. axb5 Bb7 46. Kf2 Bc8 47. Qa8 Rc7 48. Qb8 Rxc4 49. Qxb6 Rc2+ 50. Kg3
1-0

[Event "Paignton Premier 45th"]
[Site "Paignton"]
[Date "1995.09.08"]
[Round "6.1"]
[White "Moore, Gerald"]
[Black "Buckley, Graeme N"]
[Result "0-1"]
[WhiteElo "2210"]
[BlackElo "2355"]
[PlyCount "180"]
[EventDate "1995.09.03"]
[EventType "swiss"]
[EventRounds "7"]
[EventCountry "ENG"]
[SourceTitle "BritBase"]
[Source "John Saunders"]
[SourceDate "2023.06.09"]
[SourceVersion "1"]
[SourceVersionDate "2023.06.09"]
[SourceQuality "1"]

1. e4 c5 2. Nc3 e6 3. Nf3 d6 4. d4 cxd4 5. Nxd4 Nf6 6. Be2 Be7 7. O-O O-O 8. f4
Nc6 9. Be3 a6 10. Qe1 Nxd4 11. Bxd4 b5 12. a3 Bb7 13. Qg3 Bc6 14. Bd3 Qd7 15.
Rae1 a5 16. e5 dxe5 17. Bxe5 g6 18. f5 Nh5 19. Qh3 exf5 20. Bxf5 Qb7 21. Be4
Rae8 22. Kh1 b4 23. Bxc6 Qxc6 24. Ne4 bxa3 25. bxa3 Bxa3 26. Nf6+ Nxf6 27. Qxa3
Ng4 28. Bd4 a4 29. Qh3 h5 30. Qh4 Qxc2 31. h3 Re4 32. Rxe4 Qxe4 33. Bg1 Qc4 34.
Ra1 Ne3 35. Qxc4 Nxc4 36. Rxa4 Rc8 37. g4 hxg4 38. hxg4 Kg7 39. g5 Kf8 40. Bd4
Ke7 41. Kg2 Ke6 42. Kf3 Kd5 43. Bf6 Rc7 44. Kf4 Rb7 45. Ra1 Rb5 46. Ra7 Nd6 47.
Re7 Rb1 48. Re5+ Kc6 49. Re7 Rf1+ 50. Kg4 Rf2 51. Ra7 Nb7 52. Kg3 Rf1 53. Kg4
Rb1 54. Kg3 Kd5 55. Kg4 Rb4+ 56. Kg3 Ke6 57. Ra2 Nd6 58. Re2+ Re4 59. Ra2 Re1
60. Ra6 Rb1 61. Kf4 Rb4+ 62. Kf3 Kd5 63. Ra5+ Nb5 64. Bc3 Rb1 65. Kf4 Rb3 66.
Kg4 Ke4 67. Bf6 Rb1 68. Ra1 Rxa1 69. Bxa1 Nd4 70. Bb2 Nc6 71. Bc1 Ne5+ 72. Kg3
Kf5 73. Bf4 Nd7 74. Be3 Nf8 75. Bd2 Ne6 76. Kh4 Nc5 77. Be3 Ne4 78. Bc1 Nc3 79.
Bd2 Ne2 80. Kh3 Nf4+ 81. Kg3 Nd5 82. Kf3 Nb6 83. Kg3 Nc4 84. Bf4 Ke4 85. Kg4
Ne5+ 86. Kg3 Kf5 87. Bd2 Nd7 88. Bf4 Nc5 89. Bc1 $2 (89. Be3 $1 $11) 89... Ne6
$1 $19 90. Kh4 Nd4 0-1

[Event "Paignton Premier 45th"]
[Site "Paignton"]
[Date "1995.09.08"]
[Round "6.2"]
[White "Arkell, Keith C"]
[Black "Mordue, A Tyson"]
[Result "1-0"]
[WhiteElo "2505"]
[BlackElo "2230"]
[PlyCount "85"]
[EventDate "1995.09.03"]
[EventType "swiss"]
[EventRounds "7"]
[EventCountry "ENG"]
[SourceTitle "BritBase"]
[Source "John Saunders"]
[SourceDate "2023.06.09"]
[SourceVersion "1"]
[SourceVersionDate "2023.06.09"]
[SourceQuality "1"]

1. d4 Nf6 2. Nf3 g6 3. c4 Bg7 4. g3 d6 5. Bg2 O-O 6. O-O Nbd7 7. d5 e5 8. dxe6
fxe6 9. Nc3 Nb6 10. Qb3 Qe7 11. Bg5 Qf7 12. c5 Nbd5 13. Nxd5 Nxd5 14. cxd6 cxd6
15. Rad1 Qc7 16. Nd4 Qb6 17. Nxe6 Bxe6 18. Bxd5 Qxb3 19. Bxb3 Bxb3 20. axb3 Rf5
21. Be3 Rb5 22. Rd3 Re8 23. Rc1 Bxb2 24. Rc2 Be5 25. Bxa7 Re7 26. Bb8 Kf7 27.
f4 Bg7 28. Bxd6 Rd7 29. Rc7 Rxc7 30. Bxc7 Ke6 31. Kf2 Rh5 32. h4 Rb5 33. Kf3
Rc5 34. Bb6 Rc1 35. e4 Rc6 36. Ba5 Bf6 37. Bb4 Rb6 38. Bf8 Rc6 39. e5 Be7 40.
Bxe7 Kxe7 41. h5 Rc1 42. hxg6 hxg6 43. Kg4 1-0

[Event "Paignton Premier 45th"]
[Site "Paignton"]
[Date "1995.09.08"]
[Round "6.3"]
[White "Peters, Stephen G"]
[Black "Lane, Gary William"]
[Result "0-1"]
[WhiteElo "2144"]
[BlackElo "2400"]
[PlyCount "72"]
[EventDate "1995.09.03"]
[EventType "swiss"]
[EventRounds "7"]
[EventCountry "ENG"]
[SourceTitle "BritBase"]
[Source "John Saunders"]
[SourceDate "2023.06.09"]
[SourceVersion "1"]
[SourceVersionDate "2023.06.09"]
[SourceQuality "1"]

1. d4 Nf6 2. c4 g6 3. Nc3 Bg7 4. e4 d6 5. Nf3 O-O 6. Be2 Nbd7 7. O-O e5 8. Re1
h6 9. Bf1 c6 10. h3 Nh7 11. g3 Ng5 12. Nxg5 hxg5 13. Be3 exd4 14. Bxd4 Ne5 15.
Be3 g4 16. hxg4 Bxg4 17. Be2 Bxe2 18. Qxe2 Qd7 19. Kg2 Qe6 20. c5 Nc4 21. cxd6
Nxe3+ 22. Qxe3 Qxd6 23. Rad1 Qe6 24. e5 Rfe8 25. f4 Red8 26. b3 f6 27. Ne4 fxe5
28. Ng5 Qf5 29. Qc5 exf4 30. Qc4+ Rd5 31. Ne6 f3+ 32. Kf2 Be5 33. Nd4 Qg5 34.
Rg1 Bxd4+ 35. Rxd4 Re8 36. Rxd5 Qe3+ 0-1

[Event "Paignton Premier 45th"]
[Site "Paignton"]
[Date "1995.09.08"]
[Round "6.4"]
[White "Smith, Alan A"]
[Black "Lamb, Harry"]
[Result "1/2-1/2"]
[WhiteElo "2255"]
[BlackElo "2260"]
[PlyCount "25"]
[EventDate "1995.09.03"]
[EventType "swiss"]
[EventRounds "7"]
[EventCountry "ENG"]
[SourceTitle "BritBase"]
[Source "John Saunders"]
[SourceDate "2023.06.09"]
[SourceVersion "1"]
[SourceVersionDate "2023.06.09"]
[SourceQuality "1"]

1. Nf3 d5 2. d4 e6 3. Bf4 c5 4. c3 Bd6 5. e3 Bxf4 6. exf4 Qc7 7. g3 b6 8. Bd3
Nc6 9. O-O Nf6 10. Nbd2 Bb7 11. Rc1 O-O 12. Qe2 cxd4 13. cxd4 1/2-1/2

[Event "Paignton Premier 45th"]
[Site "Paignton"]
[Date "1995.09.08"]
[Round "6.5"]
[White "Southall, Andrew C"]
[Black "Thompson, Ian D"]
[Result "1/2-1/2"]
[WhiteElo "2192"]
[BlackElo "2310"]
[PlyCount "130"]
[EventDate "1995.09.03"]
[EventType "swiss"]
[EventRounds "7"]
[EventCountry "ENG"]
[SourceTitle "BritBase"]
[Source "John Saunders"]
[SourceDate "2023.06.09"]
[SourceVersion "1"]
[SourceVersionDate "2023.06.09"]
[SourceQuality "1"]

1. e4 e6 2. d4 d5 3. Nc3 Bb4 4. e5 c5 5. a3 Bxc3+ 6. bxc3 Ne7 7. a4 Qa5 8. Bd2
Nbc6 9. Nf3 Bd7 10. Be2 f6 11. Rb1 Qc7 12. Bf4 Ng6 13. Bg3 fxe5 14. O-O c4 15.
h4 O-O-O 16. h5 Nf4 17. Nxe5 Nxe5 18. Bxf4 Nf3+ 19. Bxf3 Qxf4 20. g3 Qg5 21.
Re1 Rdf8 22. Re5 Rf5 23. Rxf5 Qxf5 24. Bg4 Qf6 25. a5 g6 26. Qe2 gxh5 27. Bxh5
Rg8 28. Kg2 Qf5 29. Bf3 Ba4 30. Re1 Rg6 31. Qe5 Qxe5 32. Rxe5 Bxc2 33. Bh5 Rf6
34. Bg4 Kc7 35. Rxe6 Be4+ 36. Kf1 Rxe6 37. Bxe6 b6 38. axb6+ Kxb6 39. Ke1 Kc6
40. Kd2 Kd6 41. Bc8 a5 42. Kc1 Bf3 43. Bf5 h6 44. Bc2 Kc6 45. Ba4+ Kd6 46. Kd2
Ke6 47. Ke3 Be4 48. f3 Bb1 49. Kd2 Bg6 50. f4 Be4 51. g4 Kf6 52. Bd1 Ke6 53.
Ke3 Kf6 54. Ba4 Ke6 55. Be8 Ke7 56. Bh5 a4 57. Kd2 a3 58. Kc1 Kf8 59. f5 Ke7
60. Bg6 Kf6 61. Bh5 Kg5 62. Be8 Kf6 63. Bh5 Kg5 64. Be8 Bf3 65. Bh5 Be4 1/2-1/2

[Event "Paignton Premier 45th"]
[Site "Paignton"]
[Date "1995.09.08"]
[Round "6.6"]
[White "Franklin, Michael J"]
[Black "Richardson, Kevin Derek"]
[Result "1/2-1/2"]
[WhiteElo "2260"]
[BlackElo "2170"]
[PlyCount "108"]
[EventDate "1995.09.03"]
[EventType "swiss"]
[EventRounds "7"]
[EventCountry "ENG"]
[SourceTitle "BritBase"]
[Source "John Saunders"]
[SourceDate "2023.06.09"]
[SourceVersion "1"]
[SourceVersionDate "2023.06.09"]
[SourceQuality "1"]

1. c4 e5 2. Nc3 d6 3. g3 f5 4. Bg2 Nf6 5. d3 Be7 6. e3 O-O 7. Nge2 c6 8. f4 Be6
9. b3 Nbd7 10. O-O Rc8 11. h3 Qe8 12. Bb2 Qh5 13. Qd2 h6 14. Rf2 e4 15. Nd4 Bf7
16. dxe4 Nxe4 17. Nxe4 fxe4 18. Bxe4 Nf6 19. Bg2 d5 20. g4 Qg6 21. Nf5 Rfe8 22.
Nxe7+ Rxe7 23. c5 Rce8 24. Bd4 h5 25. Bf3 hxg4 26. hxg4 Ne4 27. Bxe4 Qxe4 28.
Raf1 Re6 29. f5 Rh6 30. Rg2 Rh4 31. g5 Bh5 32. Qf2 Rf8 33. f6 Rg4 34. Rxg4
Qxg4+ 35. Qg2 gxf6 36. gxf6 Kf7 37. Qxg4 Bxg4 38. Kf2 Rg8 39. Rh1 Bf5 40. Rh5
Be4 41. Re5 Re8 42. Rg5 Rg8 43. Rg7+ Rxg7 44. fxg7 Bh7 45. Kg3 Bb1 46. a3 Bc2
47. b4 Bh7 48. Kf4 Ke6 49. Kg5 Bg8 50. Kg6 a6 51. Bc3 Kd7 52. Kf6 Ke8 53. Be1
Bf7 54. Bh4 Bg8 1/2-1/2

[Event "Paignton Premier 45th"]
[Site "Paignton"]
[Date "1995.09.08"]
[Round "6.7"]
[White "Crickmore, Neil EG"]
[Black "Cole, Roland B"]
[Result "1-0"]
[WhiteElo "2160"]
[BlackElo "2250"]
[PlyCount "53"]
[EventDate "1995.09.03"]
[EventType "swiss"]
[EventRounds "7"]
[EventCountry "ENG"]
[SourceTitle "BritBase"]
[Source "John Saunders"]
[SourceDate "2023.06.09"]
[SourceVersion "1"]
[SourceVersionDate "2023.06.09"]
[SourceQuality "1"]

1. d4 Nf6 2. c4 g6 3. Nc3 Bg7 4. e4 d6 5. f4 O-O 6. Nf3 c5 7. d5 e6 8. Be2 exd5
9. e5 dxe5 10. fxe5 Ne4 11. cxd5 Nxc3 12. bxc3 Bg4 13. Bg5 f6 14. exf6 Bxf6 15.
Bxf6 Qxf6 16. O-O Qxc3 17. Rb1 Qe3+ 18. Kh1 b6 19. Rb3 Qe8 20. h3 Bd7 21. Re1
Ba4 22. Bc4 Bxb3 23. axb3 Qd8 24. d6+ Kh8 25. Re7 Nd7 26. Ng5 Nf6 27. Qa1 {
Source: CHESS, December 1995, Vol.60/9, p53} 1-0

[Event "Paignton Premier 45th"]
[Site "Paignton"]
[Date "1995.09.08"]
[Round "6.8"]
[White "Hempson, Peter W"]
[Black "Saunders, John C"]
[Result "1/2-1/2"]
[WhiteElo "2255"]
[BlackElo "2240"]
[PlyCount "47"]
[EventDate "1995.09.03"]
[EventType "swiss"]
[EventRounds "7"]
[EventCountry "ENG"]
[SourceTitle "BritBase"]
[Source "John Saunders"]
[SourceDate "2023.06.09"]
[SourceVersion "1"]
[SourceVersionDate "2023.06.09"]
[SourceQuality "1"]

1. d4 Nf6 2. c4 g6 3. Nc3 Bg7 4. e4 d6 5. f3 O-O 6. Be3 c6 7. Bd3 a6 8. a4 a5
9. Nge2 Na6 10. Rc1 e5 11. dxe5 dxe5 12. c5 Be6 13. Bxa6 Rxa6 14. Qc2 Nd7 15.
O-O Qe7 16. Nb1 Rd8 17. Nd2 Raa8 18. Nc4 Nxc5 19. Nxa5 Nd3 20. Rcd1 Qb4 21.
Nxc6 bxc6 22. Rxd3 Rxd3 23. Qxd3 Qxa4 24. Rc1 {Source: John Saunders} 1/2-1/2

[Event "Paignton Premier 45th"]
[Site "Paignton"]
[Date "1995.09.08"]
[Round "6.9"]
[White "White, Mark W"]
[Black "Parr, David"]
[Result "1/2-1/2"]
[WhiteElo "1992"]
[BlackElo "2220"]
[PlyCount "65"]
[EventDate "1995.09.03"]
[EventType "swiss"]
[EventRounds "7"]
[EventCountry "ENG"]
[SourceTitle "BritBase"]
[Source "John Saunders"]
[SourceDate "2023.06.09"]
[SourceVersion "1"]
[SourceVersionDate "2023.06.09"]
[SourceQuality "1"]

1. e4 c5 2. d4 cxd4 3. c3 dxc3 4. Nxc3 Nc6 5. Nf3 e6 6. Bc4 a6 7. O-O Nge7 8.
Bg5 f6 9. Be3 Ng6 10. Nd4 Be7 11. f4 O-O 12. f5 Nge5 13. Bb3 Nxd4 14. Bxd4 Nc6
15. Be3 b5 16. Qh5 Qe8 17. Qh4 Ne5 18. Nd5 Bd8 19. Nf4 Rb8 20. Rac1 Bb6 21.
Bxb6 Rxb6 22. Qf2 Rc6 23. Rc5 Qe7 24. Rfc1 Rxc5 25. Qxc5 Qxc5+ 26. Rxc5 Nc4 27.
fxe6 dxe6 28. a4 Nd2 29. Ba2 Kh8 30. axb5 Nxe4 31. Rc4 Nd6 32. Rc6 Nxb5 33.
Nxe6 1/2-1/2

[Event "Paignton Premier 45th"]
[Site "Paignton"]
[Date "1995.09.08"]
[Round "6.10"]
[White "Cock, John Crowle"]
[Black "Isherwood, Paul"]
[Result "1/2-1/2"]
[WhiteElo "1888"]
[BlackElo "1832"]
[PlyCount "135"]
[EventDate "1995.09.03"]
[EventType "swiss"]
[EventRounds "7"]
[EventCountry "ENG"]
[SourceTitle "BritBase"]
[Source "John Saunders"]
[SourceDate "2023.06.09"]
[SourceVersion "1"]
[SourceVersionDate "2023.06.09"]
[SourceQuality "1"]

1. e4 e5 2. Nf3 Nf6 3. Nxe5 d6 4. Nf3 Nxe4 5. d4 d5 6. Bd3 Be7 7. O-O O-O 8. c4
Nf6 9. Nc3 dxc4 10. Bxc4 c6 11. h3 Nbd7 12. Bf4 Nb6 13. Bb3 Bf5 14. Re1 Re8 15.
a3 a5 16. Qd2 a4 17. Ba2 Nbd5 18. Rad1 Nxc3 19. Qxc3 Nd5 20. Qd2 Bg6 21. Ne5
Bf5 22. Nf3 Qa5 23. Re5 Be6 24. Bxd5 Qxd2 25. Rxd2 cxd5 26. Re1 h6 27. Rc2 Rec8
28. Rec1 Rxc2 29. Rxc2 Rc8 30. Rxc8+ Bxc8 31. Ne5 Bf5 32. Kf1 f6 33. Nf3 g5 34.
Bc7 h5 35. Ke2 Kf7 36. Ne1 Ke6 37. Nd3 Bxd3+ 38. Kxd3 f5 39. f3 g4 40. fxg4
fxg4 41. hxg4 hxg4 42. Bf4 Kf5 43. g3 Ke6 44. Kc3 Kf6 45. Kc2 Kf5 46. Kd3 Bf8
47. Bc7 b5 48. Ba5 Bd6 49. Be1 Ke6 50. Kc2 Kd7 51. Kc3 b4+ 52. axb4 Kc6 53. b3
Kb5 54. bxa4+ Kxa4 55. Kd3 Bxb4 56. Bf2 Bd6 57. Kc3 Bb4+ 58. Kd3 Kb3 59. Be3
Kb2 60. Bf4 Be1 61. Ke2 Bb4 62. Kd3 Kb1 63. Bg5 Ba3 64. Bf4 Bb2 65. Be5 Ka2 66.
Kc2 Ba3 67. Kc3 Be7 68. Kc2 1/2-1/2

[Event "Paignton Premier 45th"]
[Site "Paignton"]
[Date "1995.09.08"]
[Round "6.11"]
[White "Wheeler, John Francis"]
[Black "George, Ian M"]
[Result "1/2-1/2"]
[WhiteElo "2128"]
[BlackElo "2072"]
[PlyCount "46"]
[EventDate "1995.09.03"]
[EventType "swiss"]
[EventRounds "7"]
[EventCountry "ENG"]
[SourceTitle "BritBase"]
[Source "John Saunders"]
[SourceDate "2023.06.09"]
[SourceVersion "1"]
[SourceVersionDate "2023.06.09"]
[SourceQuality "1"]

1. d4 d5 2. c4 Nc6 3. Nc3 Nf6 4. e3 e6 5. Nf3 Bb4 6. Qc2 O-O 7. a3 Bxc3+ 8.
Qxc3 Ne4 9. Qc2 f5 10. b3 Ne7 11. Bd3 Ng6 12. O-O Bd7 13. Ne1 Bc6 14. b4 dxc4
15. Bxc4 Bd5 16. f3 Nd6 17. Ba2 b5 18. Nd3 Bxa2 19. Rxa2 Nc4 20. Nc5 Qd6 21.
Rd1 c6 22. Rd3 Ne7 23. Qd1 h6 1/2-1/2

[Event "Paignton Premier 45th"]
[Site "Paignton"]
[Date "1995.09.08"]
[Round "6.12"]
[White "Brogden, John G"]
[Black "Parr, Frank"]
[Result "1/2-1/2"]
[WhiteElo "1888"]
[BlackElo "2165"]
[PlyCount "70"]
[EventDate "1995.09.03"]
[EventType "swiss"]
[EventRounds "7"]
[EventCountry "ENG"]
[SourceTitle "BritBase"]
[Source "John Saunders"]
[SourceDate "2023.06.09"]
[SourceVersion "1"]
[SourceVersionDate "2023.06.09"]
[SourceQuality "1"]

1. d4 f5 2. Bg5 h6 3. Bh4 g5 4. Bg3 Nf6 5. e3 Bg7 6. Bd3 d6 7. c3 e6 8. Nd2 Qe7
9. h4 g4 10. Ne2 Nh5 11. Nf4 Nxf4 12. exf4 Bd7 13. Qe2 Bc6 14. f3 h5 15. O-O-O
Nd7 16. Rde1 O-O 17. Qxe6+ Qxe6 18. Rxe6 Nb6 19. Re2 Nd5 20. Bc4 b5 21. Bb3
Rfe8 22. Rhe1 Kf8 23. fxg4 hxg4 24. Bh2 a5 25. g3 a4 26. Rxe8+ Rxe8 27. Rxe8+
Kxe8 28. Bxd5 Bxd5 29. a3 Kd7 30. Bg1 Bg2 31. Kc2 Bd5 32. b3 Kc6 33. bxa4 bxa4
34. c4 Bf7 35. d5+ Kb7 1/2-1/2

[Event "Paignton Premier 45th"]
[Site "Paignton"]
[Date "1995.09.08"]
[Round "6.13"]
[White "Benson, Paul J"]
[Black "Dodgson, John A"]
[Result "1/2-1/2"]
[WhiteElo "1936"]
[BlackElo "2130"]
[PlyCount "41"]
[EventDate "1995.09.03"]
[EventType "swiss"]
[EventRounds "7"]
[EventCountry "ENG"]
[SourceTitle "BritBase"]
[Source "John Saunders"]
[SourceDate "2023.06.09"]
[SourceVersion "1"]
[SourceVersionDate "2023.06.09"]
[SourceQuality "1"]

1. d4 d5 2. Nc3 Nf6 3. Bg5 Nbd7 4. Nf3 h6 5. Bh4 e6 6. e4 dxe4 7. Nxe4 Be7 8.
Nxf6+ Bxf6 9. Bxf6 Qxf6 10. Qd2 O-O 11. O-O-O e5 12. dxe5 Nxe5 13. Nxe5 Qxe5
14. Bc4 Bf5 15. f4 Qf6 16. h3 Rfd8 17. Qe3 Re8 18. Qf2 Be6 19. Bxe6 Rxe6 20.
Rhe1 Rxe1 21. Rxe1 1/2-1/2